000 00603cam a22002411 4500
001 sa 63004671
003 DLC
005 20260227111950.0
008 940616s1962 ii 000 0 telo
010 _asa 63004671
025 _aPL480:I-Te-151
035 _a(OCoLC)30618457
040 _aDLC
_cCU
_dCU
_dDLC
042 _apremarc
050 0 0 _aPL4780.9.R32
_bS3
100 1 _aRāmārāvu, Paḍāla,
_d1924-
245 1 0 _aŚākyamuni.
260 _c[1962]
300 _a243 p.
_c16 cm.
440 0 _aM. V. S. publications ;
_v401
500 _aIn Telugu.
600 0 0 _aGautama Buddha
_vFiction.
999 _c55791
_d55791